Central Library OPAC University of Rajshahi

Dealing with financial risk / (Record no. 60461)

MARC details
000 -LEADER
fixed length control field 00812nam a2200265 a 4500
001 - CONTROL NUMBER
control field 60461
003 - CONTROL NUMBER IDENTIFIER
rucl marc code BD-RjUL
005 - DATE AND TIME OF LATEST TRANSACTION
control field 20211209080839.0
008 - FIXED-LENGTH DATA ELEMENTS--GENERAL INFORMATION
fixed length control field 170101s2004 enka b 001 0 eng
020 ## - INTERNATIONAL STANDARD BOOK NUMBER
International Standard Book Number 1861975910
035 ## - SYSTEM CONTROL NUMBER
System control number BD-RjUL 60585
040 ## - CATALOGING SOURCE
Original cataloging agency StDuBDS
Modifying agency Uk
Language of cataloging eng
Transcribing agency BD-RjUL
041 ## - LANGUAGE CODE
Language code of text/sound track or separate title eng
082 04 - DEWEY DECIMAL CLASSIFICATION NUMBER
Classification number 658.155
Edition number 22
Author mark and year SHD 2004
100 1# - MAIN ENTRY--PERSONAL NAME
Personal name Shirreff, David,
Dates associated with a name 1947-
9 (RLIN) 179938
245 10 - TITLE STATEMENT
Title Dealing with financial risk /
Statement of responsibility, etc. David Shirreff.
260 ## - PUBLICATION, DISTRIBUTION, ETC. (IMPRINT)
Place of publication, distribution, etc. London :
Name of publisher, distributor, etc. Economist in association with Profile Books,
Date of publication, distribution, etc. c2004.
300 ## - PHYSICAL DESCRIPTION
Pagination vii, 214 p. :
Illustrations ill. ;
Size 23 cm.
490 1# - SERIES STATEMENT
Series statement Economist books
504 ## - BIBLIOGRAPHY, ETC. NOTE
Bibliography, etc Includes bibliographical references and index.
650 #0 - SUBJECT ADDED ENTRY--TOPICAL TERM
Topical term or geographic name as entry element Risk management.
9 (RLIN) 179939
Topical term or geographic name as entry element Finance.
9 (RLIN) 173578
830 #0 - SERIES ADDED ENTRY--UNIFORM TITLE
Uniform title Economist books (Series)
942 ## - ADDED ENTRY ELEMENTS (KOHA)
Source of classification or shelving scheme Dewey Decimal Classification
Koha item type Books
Holdings
Lost status Source of classification or shelving scheme Damaged status Not for loan Collection code Permanent Location Current Location Shelving location Date acquired Source of acquisition Cost, normal purchase price Total Checkouts Full call number Date last seen Copy number Koha item type
  Dewey Decimal Classification   Not For Loan Non-fiction Central Library, University of Rajshahi Central Library, University of Rajshahi Reading Room 05/02/2008 Paragon Enterprises Dhaka 195.00   658.155 SHD 2004 01/01/2017 C-1 Books